000
00192nam a22000857a 4500
008
161013b xxu||||| |||| 00| 0 eng d
100
_9
831
_a
Hindi
245
_a
Hindi literature
260
_a
New Delhi
999
_c
3483
_d
3483